000 00348 a2200121 4500
000 nam a22 7a 4500
005 20260213112349.0
020 _a978-1-009-59689-3
100 _aNambissan, Geetha
_91115568
245 _aShifting landscapes: education and transformations in India
260 _bCambridge University Press
_c2025
942 _cTB
999 _c1679531
_d1679531